00675cam a22002177a 450000500170000000800410001701000100005801100100006803500100007808200160008811100820010424500750018626000410026130000200030265000390032265000230036165000130038470000240039770000170042170000190043820220817043025.0971010s1986 r 10010 d a63067 a64039 a69065 a636.082bS400aSeminar in the CEC Animal Husbandry and Research (d1985c: Edinburgh, U. K.) 0aExploiting new technologies in animal breedingb: genetic developments aNew York :bOxford University,c1986 a202 p.b: ilus.14aAnimales domesticosxMejoramiento.14aGenética animal.14aGranjas.0 aKing, J. W. B.eed.0 aMcKay, J. C.0 aSmith, C.eed.